000 00647nam a2200265Ia 4500
005 20260121172738.0
008 008 260114s9999 xx 000 0 eng d
020 _a9783030832322
037 _aEBOOK
040 _aCRL
040 _beng
040 _cCRL
041 _2eng
041 _aeng
084 _qCRL
100 _aLena Englund
_91092206
245 0 _aSouth African Autobiography as Subjective History
260 _bSpringer
260 _bSpringer
260 _c2021
856 _uhttps://link.springer.com/openurl?genre=book&isbn=978-3-030-83232-2
942 _cEBOOK
999 _c1657946
_d1657946